The emancipation of women; (Record no. 119)
[ view plain ]
| 000 -LEADER | |
|---|---|
| fixed length control field | 00694cam a2200217 4500 |
| 001 - CONTROL NUMBER | |
| control field | 1266548 |
| 005 - DATE AND TIME OF LATEST TRANSACTION | |
| control field | 20231204003034.0 |
| 008 - FIXED-LENGTH DATA ELEMENTS--GENERAL INFORMATION | |
| fixed length control field | 740925s1973 enk b 001 0 eng |
| 020 ## - INTERNATIONAL STANDARD BOOK NUMBER | |
| ISBN | 0902818260 (pbk.) |
| 040 ## - CATALOGING SOURCE (பட்டியலாக்க மூலம்) | |
| Original cataloging agency | DLC |
| Transcribing agency | DLC |
| Modifying agency | DLC |
| 082 00 - DDC Classification | |
| Class No. | 301.41/2/0943 |
| DDC Edition Number | 22 |
| Item Number - Author Mark | WER. |
| 100 1# - MAIN ENTRY--PERSONAL NAME | |
| Personal name | Thönnessen, Werner, |
| 245 14 - TITLE STATEMENT | |
| Title | The emancipation of women; |
| Remainder of title | the rise and decline of the women's movement in German social democracy, 1863-1933; |
| Statement of responsibility, etc. | translated [from the German] by Joris de Bres. |
| 260 ## - PUBLICATION, DISTRIBUTION, ETC. | |
| Place of publication, distribution, etc. | London, |
| Name of publisher, distributor, etc. | Pluto P., |
| Date of publication, distribution, etc. | 1973. |
| 300 ## - PHYSICAL DESCRIPTION | |
| Extent (e.g. Volumes, Pages etc.) | 185 p. |
| 500 ## - GENERAL NOTE | |
| General note | Translation of Frauenemanzipation. |
| 500 ## - GENERAL NOTE | |
| General note | Includes index. |
| 650 #0 - SUBJECT ADDED ENTRY--TOPICAL TERM | |
| Topical term or geographic name entry element | Women |
| 650 #0 - SUBJECT ADDED ENTRY--TOPICAL TERM | |
| Topical term or geographic name entry element | Women and socialism |
| 942 ## - Koha item type (Biblio) | |
| Koha item type | Books in Stacks (Lending) |
| Lost status | Damaged status | Collection code | Home library | Current library | Date acquired | Full call number | Accession Number | Item type |
|---|---|---|---|---|---|---|---|---|
| Lending | WERC Library | WERC Library | 12/04/2023 | 301.41/2/0943 WER. | 102 | Books in Stacks (Lending) |
